| 000 | 00499nam a2200193 i 4500 | ||
|---|---|---|---|
| 001 | 29926 | ||
| 003 | ES-MaACL | ||
| 005 | 20231224062917.0 | ||
| 007 | t| | ||
| 008 | 030123s1908 sp |||| | spa d | ||
| 100 | 1 |
_aBaroja, Pío, _d1872-1956 _925752 |
|
| 245 | 1 | 3 |
_aLa dama errante _b:novela / _cPío Baroja. |
| 260 |
_aMadrid : _bRicardo Rojas, _c1908. |
||
| 300 |
_a274 p. ; _c19 cm. |
||
| 490 | 1 | _aLa raza | |
| 830 | 1 |
_aLa raza _9181299 |
|
| 852 |
_aES-MaACL _jB-5754 |
||
| 999 |
_c29926 _d29926 |
||